রবীন্দ্রভুবনে পতিসর /

Detaylı Bibliyografya
Yazar: রফিক, আহমদ
Materyal Türü: Kitap
Dil:Bengali
Baskı/Yayın Bilgisi: ঢাকা : সাহিত্য প্রকাশ, ১৯৯৮.
Konular:
Classic Catalogue: View this record in Classic Catalogue
LEADER 01209nam a22002537a 4500
001 38644
003 BD-DhAAL
005 20230510163152.0
008 220608t1998 bg ab||| |||| 00| 0 ben d
020 |a 9844651603 
040 |a BD-DhAAL  |c BD-DhAAL 
041 |a ben 
082 |a 891.4414 
100 |a রফিক, আহমদ.  |9 49118 
245 |a রবীন্দ্রভুবনে পতিসর /  |c আহমদ রফিক. 
260 |a ঢাকা :  |b সাহিত্য প্রকাশ,  |c ১৯৯৮. 
300 |a ১২৫ পৃষ্ঠা :  |b চিত্র, মানচিত্র ;  |c ২২ সে.মি. 
541 |a Donated By Akbar Ali Khan  |e 38644, 38645 
600 |a Tagore, Rabindranath,  |d 1861-1941.  |9 49119 
852 |a Ayesha Abed Library  |c Akbar Ali Khan Collection 
942 |2 ddc  |c BK 
999 |c 44350  |d 44350 
952 |0 0  |1 0  |2 ddc  |4 0  |6 891_441400000000000_RAF  |7 1  |9 70850  |a BRACUL  |b BRACUL  |c CS1  |d 2022-06-08  |e Donated by Akbar Ali Khan  |l 0  |o 891.4414 RAF  |p 3010038645  |r 2022-06-08  |t 2  |w 2022-06-08  |y BK 
952 |0 0  |1 0  |2 ddc  |4 0  |6 891_441400000000000_RAF  |7 1  |9 70851  |a BRACUL  |b BRACUL  |c AAKC  |d 2022-06-08  |e Donated by Akbar Ali Khan  |l 0  |o 891.4414 RAF  |p 3010038644  |r 2022-06-08  |t 1  |w 2022-06-08  |y BK